Metódy hodnotenia efektívnosti environmentálnych investícií
V štúdii sa prezentujú informácie o existujúcich metódach hodnotenia efektívnosti environmentálnych investícií, ktoré je pre riadenie problémové. Vymedzenie kategórie "investície na ochranu životného prostredia". Metódy hodnotenia efektívnosti návratných environmentálnych investícií. Analýza nákla...
Guardado en:
| Autor principal: | |
|---|---|
| Formato: | Capítulo de libro |
| Lenguaje: | eslovaco |
| Materias: | |
| Etiquetas: |
Sin Etiquetas, Sea el primero en etiquetar este registro!
|
MARC
| LEADER | 00000naa$a2200000$$$4500 | ||
|---|---|---|---|
| 001 | 0025827 | ||
| 005 | 20240502071423.6 | ||
| 041 | 0 | |a slo | |
| 044 | |a SK | ||
| 245 | 1 | 0 | |a Metódy hodnotenia efektívnosti environmentálnych investícií |c Eva Romančíková |
| 520 | |a V štúdii sa prezentujú informácie o existujúcich metódach hodnotenia efektívnosti environmentálnych investícií, ktoré je pre riadenie problémové. Vymedzenie kategórie "investície na ochranu životného prostredia". Metódy hodnotenia efektívnosti návratných environmentálnych investícií. Analýza nákladov a úžitku. Prístupy k meraniu efektov pri absencii trhov priamymi a nepriamymi metódami. Analýza dôsledkov regulácie. Analýza efektívnosti nákladov. Diskontovanie v environmentálnych projektoch. | ||
| 610 | 2 | 0 | |a environmentalistika |
| 610 | 2 | 0 | |a ekonomika environmentálna |
| 610 | 2 | 0 | |a prostredie životné |
| 610 | 2 | 0 | |a investície ekologické |
| 610 | 2 | 0 | |a efektívnosť investícií ekonomická |
| 610 | 2 | 0 | |a návratnosť investícií |
| 100 | 1 | |a Romančíková, Eva | |